<?xml version="1.0" encoding="UTF-8"?>
<record
    xmlns:xsi="http://www.w3.org/2001/XMLSchema-instance"
    xsi:schemaLocation="http://www.loc.gov/MARC21/slim http://www.loc.gov/standards/marcxml/schema/MARC21slim.xsd"
    xmlns="http://www.loc.gov/MARC21/slim">

  <leader>00425nam a2200121   4500</leader>
  <datafield tag="245" ind1=" " ind2=" ">
    <subfield code="a">Crime and punishment : a novel in six parts and an epilogue.</subfield>
    <subfield code="c">by F.M. Dostoevsky and translated from the Russian by Jessie Caulson.</subfield>
  </datafield>
  <datafield tag="100" ind1=" " ind2=" ">
    <subfield code="a">Dostoevsky, F.M</subfield>
  </datafield>
  <datafield tag="710" ind1=" " ind2=" ">
    <subfield code="a">Caulson, Jessie</subfield>
  </datafield>
  <datafield tag="260" ind1=" " ind2=" ">
    <subfield code="a">London</subfield>
    <subfield code="b">Oxford University Press</subfield>
    <subfield code="c">1973</subfield>
  </datafield>
  <datafield tag="300" ind1=" " ind2=" ">
    <subfield code="a">xiv,527p.; 16cm</subfield>
  </datafield>
  <datafield tag="490" ind1=" " ind2=" ">
    <subfield code="a">World classics;no. 619.</subfield>
  </datafield>
  <datafield tag="082" ind1=" " ind2=" ">
    <subfield code="a">891.733</subfield>
    <subfield code="b"> DOS/COU</subfield>
  </datafield>
  <datafield tag="952" ind1=" " ind2=" ">
    <subfield code="0">0</subfield>
    <subfield code="1">0</subfield>
    <subfield code="4">0</subfield>
    <subfield code="7">0</subfield>
    <subfield code="8">ENGL</subfield>
    <subfield code="a">NEHU</subfield>
    <subfield code="b">NEHU</subfield>
    <subfield code="d">2011-11-18</subfield>
    <subfield code="l">1</subfield>
    <subfield code="o">891.733  DOS/COU</subfield>
    <subfield code="p">A1323</subfield>
    <subfield code="r">2013-08-08 00:00:00</subfield>
    <subfield code="s">2013-07-29</subfield>
    <subfield code="w">2011-11-18</subfield>
    <subfield code="y">BK</subfield>
  </datafield>
  <datafield tag="999" ind1=" " ind2=" ">
    <subfield code="c">1070</subfield>
    <subfield code="d">1070</subfield>
  </datafield>
</record>
